| 000 | 00631nam a22001937a 4500 | ||
|---|---|---|---|
| 001 | 113957 | ||
| 003 | DR-UNIBE | ||
| 005 | 20250730112814.0 | ||
| 008 | 250728b2013 dr ||||| |||| 00| 0 spa d | ||
| 040 |
_aBIBLIOTECA UNIBE _bspa _cBIBLIOTECA UNIBE _erda |
||
| 041 | _aspa | ||
| 082 | _aF-RD 5999 | ||
| 245 | _aLey no. 107-13 sobre los derechos de las personas en sus relaciones con la adminitración y de procedimiento administrativo | ||
| 260 |
_aSanto Domingo : _bCongreso Nacional, _c2010 |
||
| 300 | _a39 páginas | ||
| 650 | 7 |
_2lemb _aAdministración pública |
|
| 650 | 7 |
_2lemb _aDerecho administrativo |
|
| 942 |
_2ddc _cMX |
||
| 999 |
_c113957 _d113957 |
||